000 01233nam a2200277Ma 4500
001 STB032609
005 20150127161048.0
008
020 _a9780071764018
020 _a9781259009327
050 _aRM 300
_b.B292 2012
245 0 0 _aBasic & clinical pharmacology /
_cedited by Bertram G. Katzung ; associate editors, Susan B. Masters, Anthony J. Trevor.
250 _a12th ed.
260 _aNew York :
_bMcGraw-Hill Medical ;
_aLondon :
_bMcGraw-Hill [distributor],
_cc2012.
300 _axiii, 1229 pages :
_billustrations (some color) ;
_c28 cm.
440 0 _aA Lange medical book.
500 _aPrevious ed.: 2009.
504 _aIncludes bibliographical references and index.
505 _aBasic principles -- Autonomic drugs -- Cardiovascular-renal drugs -- Drugs with important actions on smooth muscle -- Drugs that act in the central nervous system -- Drugs used to treat diseases of the blood, inflammation, & gout -- Endocrine drugs -- Chemotherapeutic drugs -- Toxicology -- Special topics.
521 _aPharmacy
650 0 _aPharmacology.
700 1 _aKatzung, Bertram G.
700 1 _aMasters, Susan B.
700 1 _aTrevor, Anthony J.
942 _2lcc
_cBK
999 _c278750
_d278750